[Event "Teplice op 3rd"]
[Site "Teplice"]
[Date "2008.06.16"]
[Round "3"]
[White "Kozak, Milos"]
[Black "Steinhauser, Dominik"]
[Result "1-0"]
[WhiteElo "2197"]
[BlackElo "1919"]
[PlyCount "65"]
[EventDate "2008.06.14"]
[EventType "swiss"]
[EventRounds "9"]
[EventCountry "CZE"]
[SourceTitle "CBM 125 Extra"]
[Source "ChessBase"]
[SourceDate "2008.09.01"]
[SourceVersion "1"]
[SourceVersionDate "2008.09.01"]
[SourceQuality "1"]

1. d4 d5 2. c4 c6 3. Nf3 Nf6 4. Nc3 Bf5 5. cxd5 cxd5 6. Qb3 Qb6 7. Nxd5 Qxb3 8. Nxf6+ exf6 9. axb3 Bc2 10. Bd2 Bxb3 11. Bc3 Nc6 12. Nd2 Be6 13. e4 Nb4 14. Bb5+ Bd7 15. Bxd7+ Kxd7 16. 0-0 Be7 17. Nc4 Rhc8 18. Ne3 g6 19. Rfd1 Na6 20. Nd5 Bd8 21. f4 Nc7 22. Nxc7 Bxc7 23. g3 Re8 24. e5 fxe5 25. fxe5 Bb6 26. Kg2 f6 27. exf6 Re2+ 28. Kh3 Rf8 29. d5 a6 30. Re1 Rxe1 31. Rxe1 Re8 32. f7 Rf8 33. Rf1 1-0

[Event "Teplice op 3rd"]
[Site "Teplice"]
[Date "2008.06.14"]
[Round "1"]
[White "Jirka, Jiri"]
[Black "Steinhauser, Dominik"]
[Result "1-0"]
[WhiteElo "2400"]
[BlackElo "1919"]
[PlyCount "69"]
[EventDate "2008.06.14"]
[EventType "swiss"]
[EventRounds "9"]
[EventCountry "CZE"]
[SourceTitle "CBM 125 Extra"]
[Source "ChessBase"]
[SourceDate "2008.09.01"]
[SourceVersion "1"]
[SourceVersionDate "2008.09.01"]
[SourceQuality "1"]

1. d4 d5 2. Nf3 Nf6 3. g3 Bf5 4. c4 c6 5. Nc3 e6 6. Nh4 Bg6 7. Qb3 Qb6 8. Nxg6 hxg6 9. c5 Qxb3 10. axb3 Nbd7 11. b4 Be7 12. b5 0-0 13. bxc6 bxc6 14. Ra6 e5 15. e3 Rfc8 16. Bh3 Rc7 17. 0-0 Rb8 18. Ra3 e4 19. Na2 Nh7 20. Bg4 f5 21. Be2 Nhf8 22. b4 Ne6 23. Bd2 Rcb7 24. Ra6 Rc8 25. b5 Nb8 26. Ra3 cxb5 27. Ba5 Nd8 28. Nb4 Ndc6 29. Nxd5 b4 30. Ra4 Bf8 31. Bxb4 Nxb4 32. Nxb4 Nc6 33. Nxc6 Rxc6 34. Bc4+ Kh7 35. Bd5 1-0

[Event "Prague op-A 07th"]
[Site "Prague"]
[Date "2008.01.13"]
[Round "3"]
[White "Gschwendtner, Stanislav"]
[Black "Steinhauser, Dominik"]
[Result "1/2-1/2"]
[WhiteElo "2121"]
[BlackElo "1905"]
[PlyCount "55"]
[EventDate "2008.01.11"]
[EventType "swiss"]
[EventRounds "9"]
[EventCountry "CZE"]
[SourceTitle "CBM 122 Extra"]
[Source "ChessBase"]
[SourceDate "2008.03.04"]
[SourceVersion "1"]
[SourceVersionDate "2008.03.04"]
[SourceQuality "1"]

1. c4 e5 2. Nc3 Nf6 3. g3 g6 4. Bg2 Bg7 5. d3 Nc6 6. Nf3 d6 7. Rb1 Be6 8. Ng5 Bd7 9. b4 Qc8 10. b5 Nd4 11. e3 Ne6 12. h4 0-0 13. Bb2 h6 14. Nxe6 Bxe6 15. Nd5 Nxd5 16. cxd5 Bd7 17. Qb3 a6 18. b6 c5 19. dxc6 Bxc6 20. Rc1 Qd7 21. Bh3 Qd8 22. 0-0 a5 23. Ba3 Ra6 24. Rxc6 bxc6 25. Rb1 Qe7 26. b7 Rb8 27. Bc8 Qc7 28. Kg2 1/2-1/2

[Event "CZE-ch U16"]
[Site "Sec u Chrudimi"]
[Date "2007.10.24"]
[Round "6"]
[White "Pulpan, Jakub"]
[Black "Steinhauser, Dominik"]
[Result "1/2-1/2"]
[WhiteElo "1826"]
[BlackElo "1954"]
[PlyCount "71"]
[EventDate "2007.10.20"]
[EventType "swiss"]
[EventRounds "9"]
[EventCountry "CZE"]
[SourceTitle "EXT 2022"]
[Source "ChessBase"]
[SourceDate "2021.10.06"]
[SourceVersion "1"]
[SourceVersionDate "2021.10.06"]
[SourceQuality "1"]

1. e4 d5 2. exd5 Qxd5 3. Nc3 Qa5 4. d4 Nf6 5. Nf3 Bf5 6. Bd3 Bxd3 7. Qxd3 e6 8. 0-0 Nbd7 9. Re1 c6 10. Ne4 Qc7 11. Bd2 Rd8 12. c4 Be7 13. Bc3 0-0 14. Qc2 Rfe8 15. Rad1 Nxe4 16. Qxe4 Bf6 17. Ne5 Nxe5 18. dxe5 Rxd1 19. Rxd1 Rd8 20. Rxd8+ Bxd8 21. Qd4 a6 22. c5 g6 23. Qd6 Qc8 24. Kf1 Bc7 25. Qe7 Qd8 26. Qxd8+ Bxd8 27. Ke2 Kg7 28. f4 Kh6 29. Kf3 g5 30. Bd2 gxf4 31. Bxf4+ Kg6 32. b4 Bh4 33. g3 Bd8 34. h3 Be7 35. Ke4 Bd8 36. a4 1/2-1/2

[Event "Prague op-A 06th"]
[Site "Prague"]
[Date "2007.01.12"]
[Round "2"]
[White "Schoen, Rudolf"]
[Black "Steinhauser, Dominik"]
[Result "1/2-1/2"]
[WhiteElo "2047"]
[BlackElo "1890"]
[PlyCount "52"]
[EventDate "2007.01.11"]
[EventType "swiss"]
[EventRounds "9"]
[EventCountry "CZE"]
[SourceTitle "CBM 116 Extra"]
[Source "ChessBase"]
[SourceDate "2007.03.07"]
[SourceVersion "1"]
[SourceVersionDate "2007.03.07"]
[SourceQuality "1"]

1. e4 d5 2. exd5 Qxd5 3. Nc3 Qa5 4. d4 c6 5. Nf3 Nf6 6. Bd3 Bg4 7. h3 Bh5 8. g4 Bg6 9. Ne5 Bxd3 10. Qxd3 e6 11. Bd2 Qc7 12. 0-0-0 Bd6 13. Rhe1 Nbd7 14. f4 Nb6 15. f5 0-0-0 16. fxe6 fxe6 17. Nc4 Nxc4 18. Qxc4 e5 19. dxe5 Bxe5 20. Qe6+ Nd7 21. Kb1 Rhe8 22. Qf5 g6 23. Qf7 Nf6 24. Qxc7+ Kxc7 25. g5 Nd5 26. Ne4 Bf4 1/2-1/2

[Event "Brno Trade op"]
[Site "Brno"]
[Date "2006.08.27"]
[Round "1"]
[White "Mudra, Tomas"]
[Black "Steinhauser, Dominik"]
[Result "1-0"]
[WhiteElo "2157"]
[BlackElo "1904"]
[PlyCount "51"]
[EventDate "2006.08.27"]
[EventType "swiss"]
[EventRounds "9"]
[EventCountry "CZE"]
[SourceTitle "EXT 2007"]
[Source "ChessBase"]
[SourceDate "2006.11.23"]
[SourceVersion "1"]
[SourceVersionDate "2006.11.23"]
[SourceQuality "1"]

1. c4 e5 2. Nc3 Nc6 3. g3 g6 4. Bg2 Bg7 5. e3 d6 6. Nge2 Nge7 7. 0-0 0-0 8. Rb1 Be6 9. d3 d5 10. Qa4 dxc4 11. dxc4 Qc8 12. Rd1 Rd8 13. Rxd8+ Qxd8 14. b4 a6 15. c5 Bc4 16. Bb2 Qd7 17. b5 Bxe2 18. bxc6 Qg4 19. cxb7 Rb8 20. e4 Rxb7 21. h3 Qh5 22. g4 Qg5 23. Nxe2 Qd2 24. Rd1 Qxb2 25. Qe8+ Bf8 26. Rd8 1-0

[Event "CZE-ch U14"]
[Site "Sec u Chrudimi"]
[Date "2005.10.25"]
[Round "5"]
[White "Nguyen, Dinh Phong"]
[Black "Steinhauser, Dominik"]
[Result "1-0"]
[WhiteElo "1656"]
[BlackElo "1820"]
[PlyCount "83"]
[EventDate "2005.10.22"]
[EventType "swiss"]
[EventRounds "9"]
[EventCountry "CZE"]
[SourceTitle "EXT 2008"]
[Source "ChessBase"]
[SourceDate "2007.11.25"]
[SourceVersion "1"]
[SourceVersionDate "2007.11.25"]
[SourceQuality "1"]

1. e4 c5 2. d4 cxd4 3. c3 d3 4. Bxd3 Nc6 5. c4 d6 6. Nc3 g6 7. Nf3 Bg7 8. h3 Nf6 9. 0-0 0-0 10. Be3 b6 11. Rc1 Bb7 12. Qe2 Nd7 13. Rfd1 Nc5 14. Bb1 Rc8 15. b3 Qd7 16. Bxc5 bxc5 17. e5 Nd4 18. Nxd4 cxd4 19. Rxd4 Qe6 20. Rd3 Bxe5 21. Re3 Qd7 22. Rd1 Qc7 23. Be4 Bxe4 24. Nxe4 Qa5 25. g3 f5 26. Ng5 f4 27. Rf3 fxg3 28. Rxf8+ Rxf8 29. fxg3 Qc5+ 30. Kg2 Qc6+ 31. Qe4 Qc5 32. Rd2 Rf6 33. Qa8+ Kg7 34. Qb7 d5 35. Qxd5 Qe3 36. Ne4 Rf5 37. Qd3 Qb6 38. c5 Qc6 39. Qd5 Qa6 40. Rf2 Rxf2+ 41. Nxf2 Qf6 42. Ng4 1-0

[Event "Strmilov op"]
[Site "Strmilov"]
[Date "2004.05.07"]
[Round "6"]
[White "Beter, Arnost"]
[Black "Steinhauser, Dominik"]
[Result "1-0"]
[WhiteElo "1941"]
[BlackElo "1753"]
[PlyCount "49"]
[EventDate "2004.05.05"]
[EventType "swiss"]
[EventRounds "9"]
[EventCountry "CZE"]
[SourceTitle "EXT 2006"]
[Source "ChessBase"]
[SourceDate "2005.11.24"]
[SourceVersion "1"]
[SourceVersionDate "2005.11.24"]
[SourceQuality "1"]

1. e4 c5 2. Nf3 d6 3. b3 Nc6 4. Bb2 Nf6 5. Nc3 g6 6. Bb5 Bg7 7. d3 0-0 8. Bxc6 bxc6 9. 0-0 Bb7 10. Nd2 e5 11. f4 exf4 12. Rxf4 Re8 13. Rb1 Nd7 14. Nc4 Ne5 15. Ne2 Nxc4 16. bxc4 Bh6 17. Bf6 Qc7 18. Rf1 d5 19. e5 Ba6 20. cxd5 cxd5 21. Nf4 Qc6 22. Qf3 Qa4 23. Nxd5 Qxc2 24. Ne7+ Rxe7 25. Qxa8+ 1-0

[Event "Plzen op-A 10th"]
[Site "Plzen"]
[Date "2004.??.??"]
[Round "2"]
[White "Koth, Stefan"]
[Black "Steinhauser, Dominik"]
[Result "1-0"]
[WhiteElo "2190"]
[BlackElo "1750"]
[PlyCount "37"]
[EventDate "2004.08.??"]
[EventType "swiss"]
[EventRounds "9"]
[EventCountry "CZE"]
[SourceTitle "EXT 2007"]
[Source "ChessBase"]
[SourceDate "2006.11.23"]
[SourceVersion "1"]
[SourceVersionDate "2006.11.23"]
[SourceQuality "1"]

1. c4 Nc6 2. Nc3 e5 3. g3 g6 4. Bg2 Bg7 5. e3 d6 6. Nge2 Nge7 7. d4 exd4 8. exd4 Bg4 9. h3 Bxe2 10. Nxe2 Nf5 11. 0-0 0-0 12. d5 Ne5 13. Qb3 Re8 14. Bd2 b6 15. Qc2 h5 16. Rad1 Qe7 17. Rfe1 a5 18. b3 Qd7 19. f4 1-0

[Event "Plzen op-A 10th"]
[Site "Plzen"]
[Date "2004.??.??"]
[Round "7"]
[White "Steinhauser, Dominik"]
[Black "Adamek, Frantisek"]
[Result "1/2-1/2"]
[WhiteElo "1750"]
[BlackElo "2140"]
[PlyCount "107"]
[EventDate "2004.08.??"]
[EventType "swiss"]
[EventRounds "9"]
[EventCountry "CZE"]
[SourceTitle "EXT 2007"]
[Source "ChessBase"]
[SourceDate "2006.11.23"]
[SourceVersion "1"]
[SourceVersionDate "2006.11.23"]
[SourceQuality "1"]

1. e4 e6 2. d4 d5 3. e5 c5 4. c3 Nc6 5. Nf3 f5 6. Bg5 Be7 7. Bxe7 Qxe7 8. Be2 Nh6 9. 0-0 0-0 10. Nbd2 Bd7 11. Nb3 b6 12. Ne1 Rac8 13. f4 Rc7 14. Nf3 Nb8 15. Qd2 Ba4 16. Rac1 Bxb3 17. axb3 cxd4 18. Nxd4 a6 19. Bf3 Rd8 20. Rfd1 Nf7 21. g4 g6 22. Kh1 Kh8 23. g5 Nc6 24. Nxc6 Rxc6 25. b4 b5 26. Ra1 Qb7 27. Qe2 Rc4 28. Qe3 Kg7 29. h4 h6 30. gxh6+ Nxh6 31. Kg2 Nf7 32. Kf2 Rh8 33. Rh1 Qe7 34. h5 g5 35. fxg5 Nxg5 36. Rag1 Kh6 37. b3 d4 38. Qxg5+ Qxg5 39. Rxg5 Kxg5 40. bxc4 dxc3 41. cxb5 axb5 42. Ke3 Rc8 43. Rg1+ Kh6 44. Rc1 Rc4 45. Kd3 Rxb4 46. Rxc3 Kg5 47. Ra3 Kf4 48. Be2 Kxe5 49. Kc3 Rh4 50. Ra5 Rh3+ 51. Kd2 Ke4 52. Rxb5 f4 53. Rb4+ Kf5 54. Ke1 1/2-1/2